000 00462nam a22001817a 4500
003 Ost
005 20230727135625.0
008 220902b |||||||| |||| 00| 0 eng d
020 _aNA
040 _cOst
050 _a4503
082 _222
_a621.38412
100 _aMisra, Devendra K.
245 _aRadio-frequency and microwave communication circuit :
_banalysis and design /
260 _bJohn Wiley & Sons,
_cc2001.
300 _a0
_bill. ;
942 _2ddc
_cEE
999 _c2943
_d2943